000 00541nam a2200145 4500
999 _c14529
_d14529
008 191002b ||||| |||| 00| 0 eng d
022 _a01559982
082 _aDPer 657.05 Ac172 Mar 2012-Sept 2015 v. 36-39.
100 _940146
_aAgyei-Boapeah, Henry.
245 _aCross-border acquisitions and financial leverage of UK acquirers/
_cHenry Agyei-Boapeah.
260 _aAmsterdam:
_bElsevier Ltd,
_c©Mar 2012-Sept 2015.
300 _av39 pages 97-108:
_billustrations;
_c27 cm.
650 _aFinance
_zUnited Kingdom.
_941761
942 _2ddc
_cPER